000 00637nam a2200229Ia 4500
003 OSt
005 20220928111954.0
006 a|||||r|||| 00| 0
007 ta
008 220927b |||||||| |||| 00| 0 hin d
024 _a138242
037 _cReference Collections
040 _aSDCL
_cSDCL
_bhin
041 _2hin
_ahin
082 _aO44k, M1 RR
100 _aNagendra Co.
_9425715
245 0 _aBhartiya sahitya kosh.
260 _aNew Delhi
_bNational Publishing House
_c1981
300 _aix,1437p
_ccm.
942 _hO44k, M1 RR
_cREF
_2CC
999 _c742742
_d742742